书目信息 |
| 题名: |
绝代风流
|
|
| 作者: | 刘宜庆 著 | |
| 分册: | ||
| 出版信息: | 沈阳 辽宁人民出版社 2020.01 |
|
| 页数: | 12, 396页, [6] 页图版 | |
| 开本: | 24cm | |
| 丛书名: | 回顾丛书 | |
| 单 册: | ||
| 中图分类: | G649.287.41 | |
| 科图分类: | ||
| 主题词: | ||
| 电子资源: | ||
| ISBN: | 978-7-205-09743-1 | |
| 000 | 01237nam 2200289 450 | |
| 001 | 2059572905 | |
| 005 | 20201106163301.14 | |
| 010 | @a978-7-205-09743-1@dCNY80.00 | |
| 100 | @a20191128d2020 em y0chiy50 ea | |
| 101 | 0 | @achi |
| 102 | @aCN@b210000 | |
| 105 | @aaf z 000yy | |
| 200 | 1 | @a绝代风流@Ajue dai feng liu@e西南联大生活录@f刘宜庆著 |
| 210 | @a沈阳@c辽宁人民出版社@d2020.01 | |
| 215 | @a12, 396页, [6] 页图版@c图@d24cm | |
| 225 | 2 | @a回顾丛书@Ahui gu cong shu |
| 225 | 2 | @a西南联大三部曲@Axi nan lian da san bu qu |
| 314 | @a刘宜庆, 中国作协会员。 | |
| 330 | @a本书从大处着眼, 小处入手, 关注联大师生的日常教学和吃穿住行, 折射出自由的精神。联大教授住的环境是如何恶劣? 他们如何请客吃饭? 在空袭频繁的年代, 联大师生如何娱乐? 在物质极其贫乏的情况下, 他们过着怎样的文化生活? 他们如何谈恋爱? 这些无关历史的宏旨, 可是若没有琐碎而生动的细节, 我们无法深入他们的内心。在某种程度上, 生活史亦是心灵史。 | |
| 410 | 0 | @12001 @a回顾丛书 |
| 410 | 0 | @12001 @a西南联大三部曲 |
| 517 | 1 | @a西南联大生活录@Axi nan lian da sheng huo lu |
| 601 | 02 | @a西南联合大学@Axi nan lian he da xue@x校史 |
| 690 | @aG649.287.41@v5 | |
| 701 | 0 | @a刘宜庆@Aliu yi qing@4著 |
| 801 | 0 | @aCN@b人天书店@c20201003 |
| 905 | @aZUCC@dG649.287.41@eL705 | |
| 绝代风流:西南联大生活录/刘宜庆著.-沈阳:辽宁人民出版社,2020.01 |
| 12, 396页, [6] 页图版:图;24cm.-(回顾丛书).-(西南联大三部曲) |
| ISBN 978-7-205-09743-1:CNY80.00 |
| 本书从大处着眼, 小处入手, 关注联大师生的日常教学和吃穿住行, 折射出自由的精神。联大教授住的环境是如何恶劣? 他们如何请客吃饭? 在空袭频繁的年代, 联大师生如何娱乐? 在物质极其贫乏的情况下, 他们过着怎样的文化生活? 他们如何谈恋爱? 这些无关历史的宏旨, 可是若没有琐碎而生动的细节, 我们无法深入他们的内心。在某种程度上, 生活史亦是心灵史。 |
| ● |
| 相关链接 |
|
|
|
正题名:绝代风流
索取号:G649.287.41/L705
 
预约/预借
| 序号 | 登录号 | 条形码 | 馆藏地/架位号 | 状态 | 备注 |
| 1 | 1483123 | 214831235 | 社科库409/409社科库 15排3列2层/ [索取号:G649.287.41/L705] | 在馆 | |
| 2 | 1483124 | 214831244 | 社科库409/409社科库 15排3列2层/ [索取号:G649.287.41/L705] | 在馆 | |
| 3 | 1483125 | 214831253 | 社科二线422/409社科库 15排3列2层/ [索取号:G649.287.41/L705] | 在馆 |